| 000 | 00439nam a2200193Ia 4500 | ||
|---|---|---|---|
| 008 | 101110s9999 xx 000 0 und d | ||
| 041 | _aENGLISH | ||
| 082 | _bSR10371 | ||
| 100 | _aIllahabadi Akbar | ||
| 245 | _aKulyat -e- Akbar Vol- I | ||
| 365 | _b7.5 | ||
| 520 | _aUrdu | ||
| 546 | _aENGLISH | ||
| 630 | _aKulyat -e- Akbar Vol- I | ||
| 650 | _aUrdu | ||
| 655 | _aUrdu | ||
| 730 | _aKulyat -e- Akbar Vol- I | ||
| 942 | _cBOOK | ||
| 999 |
_c805309 _d805306 |
||